000 02230cam a2200397 i 4500
001 768714001
003 CO-MdFUSB
005 20210405105235.0
007 ta
008 010117t2000 ck a 000 0dspa
010 _a 2001378000
020 _a9586149153
040 _aDLC
_cCO-MdFUSB
_bspa
_dCO-MdFUSBC
_erda
041 _aspa
082 _223
_a920.720986
_bG727
100 1 _aGrabe, Vera,
_d1951-
_eautor
245 1 0 _aRazones de vida
_c/ Vera Grabe
250 _asegunda edición
264 1 _aBogotá, D.C. :
_bPlaneta,
_c[2000]
264 4 _c© 2000
300 _a466 páginas. :
_bilustraciones ;
_c24 cm.
336 _2rdacontent
_atexto
_btxt
337 _2rdamedia
_asin mediación
_bn
338 _2rdacarrier
_avolumen
_bnc
505 _aPara Juanita. -- Raíces y pinitos. -- Cuando el Yo se volvió Nosotros. -- Horas de la verdad. --Un ATLAS de la solidaridad (cuaderno de viaje) -- Fin de una era. -- Espíritu de cuerpo. -- Los espíritus que invoqué. -- Naciste en abril. -- Los límites de la guerra son puentes hacia la paz. -- Paz se escribe con Bizarro. -- Palabra que sí. -- Una revolución desarmada.
520 _aRazones de vida es el testimonio de una mujer que se ha movido en los más distintos escenarios - desde la clandestinidad hasta la palestra política y ha desempeñado múltiples roles: el de guerrillera, madre, compañera, senadora, diplomática, pero ante todo, es la historia de una mujer que ha tratado de ser fiel a sí misma y a sus ideales. A lo largo de las págonas de este volumen se despliegan acontecimientos que han marcado la vida nacional en los últimos cuarenta años, especialmente realcionados con el M-19, del cual fue cofundadora y dirigente. Esta obra, es además, una confesión de amor a su hija, para quien desentraña las razones de su vida, tratando de salvar las distancias que el destino les ha impuesto tantas veces.
563 _aRústico
650 0 _aGuerrillas
_zColombia
650 7 _aPolítica social
_2embne
_92578
650 7 _aMujeres
_9325
_xDerechos
650 0 _aReconciliación
_zColombia
_9147
_bAspectos políticos
942 _cBK
945 _aJTF-925
999 _c66678
_d66678